000 00717cam a2200181 4500
001 WS122020
008 030416n 000 0 eng u
035 _a(Sirsi) u122020
110 _aUnited Nations
_92749
245 _aWorld Summit on Sustainable Development
520 _aWeb site for this conference on sustainable development held in Johannesburg from 26 August to 4 September 2002. Includes copies of papers presented and a summary of each days events.
650 _aSUSTAINABLE DEVELOPMENT
650 _aINTERNATIONAL
650 _aWORLD SUMMIT
690 _aENVIRONMENTAL AND LAND CONSULTANCY
856 4 0 _uhttps://www.un.org/events/wssd
_zView the website free of charge at www.un.org...
942 _n0
999 _c120272
_d120272